عرض عادي
عرض مارك
- Internet
مدخل إسم جغرافي
001 - رقم الضبط
- حقل الضبط: 40547
003 - معرف رقم الضبط
- حقل الضبط: OSt
005 - تاريخ ووقت أخر عملية
- حقل الضبط: 20131118175607.0
008 - عناصر بيانات ثابتة الطول
- حقل تحكم ثابت الطول: 131118|||a|||||| | ||| d
040 ## - مصدر الفهرسة
- هيئة الفهرسة الأصلية: OSt
- وكالة الكتابة: OSt
151 ## - مدخل-- مصطلح تاريخي
- اسم جغرافي: Internet
- تفريع عام: Political aspects
- تفريع شكلي: Cross-cultural studies.
670 ## - بيانات المصدر موجوده
- الاستشهاد بالمصدر: Work cat.: (OSt)0: Digital media and political engagement worldwide :, 2012.
